[Event "IECC P email"]
[Site "IECC email"]
[Date "2003.04.11"]
[Round "?"]
[White "Relyea, Alexander"]
[Black "Brookshire, Tommy"]
[Result "0-1"]
[WhiteElo "1744"]
[BlackElo "1160"]
[PlyCount "104"]
[EventDate "2003.??.??"]
[EventType "tourn (corr)"]
[EventRounds "6"]
[SourceTitle "Corr 2008"]
[Source "ChessBase"]
[SourceDate "2008.06.24"]
[SourceVersion "1"]
[SourceVersionDate "2008.06.24"]
[SourceQuality "1"]

1. c4 e5 2. Nc3 Nf6 3. Nf3 Nc6 4. Qa4 Bc5 5. e3 0-0 6. a3 d6 7. Be2 Bd7 8. Qb3 Rb8 9. 0-0 Bf5 10. Rd1 e4 11. Ne1 Qe7 12. d3 Rfe8 13. Qc2 exd3 14. Bxd3 Bg4 15. Be2 Bxe2 16. Nxe2 a6 17. b4 Ba7 18. Bb2 Ng4 19. Ng3 Bxe3 20. Nf5 Bxf2+ 21. Qxf2 Nxf2 22. Nxe7+ Nxe7 23. Kxf2 Nf5 24. Rd3 Re4 25. Rf3 g6 26. Rc1 Rbe8 27. Rh3 Re2+ 28. Kf1 Rxb2 29. Nf3 Ne3+ 30. Kg1 Nxg2 31. Ng5 h5 32. Rf1 f5 33. Rg3 Ne1 34. Nh3 Kh7 35. Nf4 b5 36. cxb5 axb5 37. Rxg6 Nc2 38. Rg2 Rg8 39. Rxg8 Kxg8 40. Nxh5 Nxa3 41. Nf6+ Kf7 42. Rxf5 Rxb4 43. Nd5+ Ke6 44. Nxb4 Kxf5 45. Nc6 Ke4 46. Kf2 Nc4 47. Kg3 Nd2 48. Kg4 Nf3 49. h4 Ne5+ 50. Nxe5 Kxe5 51. Kg5 b4 52. h5 Ke6 0-1

[Event "IECC M email"]
[Site "IECC email"]
[Date "1999.09.19"]
[Round "?"]
[White "Cunningham, Don"]
[Black "Brookshire, Tommy"]
[Result "0-1"]
[WhiteElo "913"]
[BlackElo "1115"]
[PlyCount "88"]
[EventDate "1999.??.??"]
[EventType "tourn (corr)"]
[EventRounds "6"]
[SourceTitle "Corr 2008"]
[Source "ChessBase"]
[SourceDate "2008.06.24"]
[SourceVersion "1"]
[SourceVersionDate "2008.06.24"]
[SourceQuality "1"]

1. e4 e5 2. Nf3 Nc6 3. d4 exd4 4. c3 d3 5. Bxd3 Bc5 6. 0-0 Nge7 7. Bg5 0-0 8. Nbd2 d6 9. Qa4 Bg4 10. e5 Bxf3 11. Nxf3 dxe5 12. Qe4 f5 13. Bc4+ Kh8 14. Qh4 e4 15. Bxe7 Bxe7 16. Qf4 exf3 17. Qxf3 Ne5 18. Qf4 Bd6 19. Rad1 Ng4 20. Rxd6 cxd6 21. Bd5 Qd7 22. Re1 Qb5 23. Qxd6 Qxb2 24. Qg3 Rae8 25. Rd1 Re2 26. Bf3 Rxf2 27. h3 Qxc3 28. hxg4 Rxa2 29. Kh2 Qf6 30. g5 Qg6 31. Qf4 Rb2 32. Rd5 b5 33. Qd4 Rc2 34. Qh4 Qe8 35. Qb4 a6 36. Rd1 Rc8 37. Re1 Qg6 38. Ra1 Qxg5 39. Rxa6 f4 40. Qb1 Qg3+ 41. Kg1 Rce8 42. Ra1 Re3 43. Qf1 Rfe8 44. Qf2 Re1+ 0-1

[Event "IECC KO email"]
[Site "IECC email"]
[Date "1999.08.15"]
[Round "?"]
[White "Brookshire, Tommy"]
[Black "Smaldone, Tony"]
[Result "1-0"]
[WhiteElo "1131"]
[BlackElo "965"]
[PlyCount "29"]
[EventDate "1999.??.??"]
[EventType "tourn (corr)"]
[EventRounds "6"]
[SourceTitle "Corr 2008"]
[Source "ChessBase"]
[SourceDate "2008.06.24"]
[SourceVersion "1"]
[SourceVersionDate "2008.06.24"]
[SourceQuality "1"]

1. e4 e5 2. Nf3 Nc6 3. Bc4 h6 4. 0-0 Bc5 5. d3 Nf6 6. Bd2 d6 7. Nc3 0-0 8. Qc1 h5 9. Bg5 Qd7 10. Bxf6 Nb4 11. Bxg7 Kxg7 12. Qg5+ Kh8 13. Qh6+ Kg8 14. Ng5 Nxc2 15. Qh7# 1-0

[Event "IECC M email"]
[Site "IECC email"]
[Date "1999.03.28"]
[Round "?"]
[White "Cunningham, Don"]
[Black "Brookshire, Tommy"]
[Result "1-0"]
[WhiteElo "855"]
[BlackElo "1052"]
[PlyCount "55"]
[EventDate "1999.??.??"]
[EventType "tourn (corr)"]
[EventRounds "6"]
[SourceTitle "Corr 2008"]
[Source "ChessBase"]
[SourceDate "2008.06.24"]
[SourceVersion "1"]
[SourceVersionDate "2008.06.24"]
[SourceQuality "1"]

1. e4 e5 2. Nf3 Nf6 3. Nc3 Nc6 4. d4 exd4 5. Nxd4 Bd6 6. Be3 0-0 7. g4 Nxd4 8. Bxd4 Re8 9. Bxf6 Qxf6 10. Qd2 Bb4 11. Bd3 d5 12. Qe2 Qf4 13. 0-0 Qg5 14. f3 dxe4 15. Nxe4 f5 16. Nxg5 Rxe2 17. Bxe2 Bc5+ 18. Kg2 fxg4 19. Rad1 Be7 20. f4 h5 21. Bc4+ Kh8 22. Rfe1 Bxg5 23. fxg5 b6 24. Kg3 Bf5 25. Bd3 Bxd3 26. Rxd3 c5 27. Rde3 Kh7 28. Re8 1-0

[Event "IECC Trio 703 email"]
[Site "IECC email"]
[Date "1999.03.28"]
[Round "?"]
[White "Smaldone, Tony"]
[Black "Brookshire, Tommy"]
[Result "0-1"]
[WhiteElo "950"]
[BlackElo "1041"]
[PlyCount "54"]
[EventDate "1999.??.??"]
[EventType "tourn (corr)"]
[EventRounds "4"]
[SourceTitle "Corr 2008"]
[Source "ChessBase"]
[SourceDate "2008.06.24"]
[SourceVersion "1"]
[SourceVersionDate "2008.06.24"]
[SourceQuality "1"]

1. d4 d5 2. Nc3 Nf6 3. Bf4 c6 4. Nf3 Bg4 5. h3 Bh5 6. g4 Bxg4 7. hxg4 Nxg4 8. Bg3 e6 9. Bxb8 Qxb8 10. Qd2 Bd6 11. 0-0-0 Nxf2 12. Qg5 Bf4+ 13. e3 Bxg5 14. Nxg5 Nxh1 15. Bd3 Nf2 16. Rg1 Nxd3+ 17. cxd3 0-0 18. Rh1 h6 19. Nf3 Qg3 20. Rf1 Qg2 21. Nd2 h5 22. Nd1 h4 23. Rf2 Qg6 24. e4 h3 25. exd5 cxd5 26. Kc2 Rfc8+ 27. Kb1 Qxd3+ 0-1

[Event "IECC Trio 685 email"]
[Site "IECC email"]
[Date "1999.02.07"]
[Round "?"]
[White "Barnes, Tim E"]
[Black "Brookshire, Tommy"]
[Result "0-1"]
[WhiteElo "988"]
[BlackElo "1021"]
[PlyCount "38"]
[EventDate "1999.??.??"]
[EventType "tourn (corr)"]
[EventRounds "4"]
[SourceTitle "Corr 2008"]
[Source "ChessBase"]
[SourceDate "2008.06.24"]
[SourceVersion "1"]
[SourceVersionDate "2008.06.24"]
[SourceQuality "1"]

1. e4 c5 2. Nf3 a6 3. g3 d6 4. Nc3 Nf6 5. Bc4 e6 6. d3 b5 7. Bb3 Be7 8. 0-0 0-0 9. Bg5 e5 10. Nd5 Bh3 11. Nxe7+ Qxe7 12. Bd5 Ra7 13. Bxf6 Qxf6 14. Re1 Bg4 15. Kg2 Nd7 16. h3 Bxf3+ 17. Qxf3 Qxf3+ 18. Kxf3 Nb6 19. c4 b4 0-1

[Event "IECC CL7-1999.08"]
[Site "IECC email"]
[Date "1999.01.01"]
[Round "?"]
[White "Huang, Peter"]
[Black "Brookshire, Tommy"]
[Result "1-0"]
[WhiteElo "1033"]
[BlackElo "1024"]
[PlyCount "39"]
[EventDate "1999.??.??"]
[EventType "tourn (corr)"]
[EventRounds "4"]
[SourceTitle "Corr 2008"]
[Source "ChessBase"]
[SourceDate "2008.06.24"]
[SourceVersion "1"]
[SourceVersionDate "2008.06.24"]
[SourceQuality "1"]

1. e4 e5 2. Nf3 Nc6 3. d4 exd4 4. Nxd4 Bc5 5. Nxc6 Qf6 6. Be3 Bxe3 7. fxe3 Qh4+ 8. g3 Qxe4 9. Qd4 Qxd4 10. Nxd4 Nf6 11. Nc3 0-0 12. 0-0-0 Re8 13. Ncb5 Nd5 14. Bc4 c6 15. Rhe1 Re4 16. Bxd5 cxd5 17. Nc7 Rb8 18. Nxd5 b5 19. Nc3 d6 20. Nxe4 1-0

[Event "IECC M email"]
[Site "IECC email"]
[Date "1998.12.05"]
[Round "?"]
[White "Brookshire, Tommy"]
[Black "Smaldone, Tony"]
[Result "1-0"]
[WhiteElo "1006"]
[BlackElo "999"]
[PlyCount "69"]
[EventDate "1998.??.??"]
[EventType "tourn (corr)"]
[EventRounds "12"]
[SourceTitle "Corr 2008"]
[Source "ChessBase"]
[SourceDate "2008.06.24"]
[SourceVersion "1"]
[SourceVersionDate "2008.06.24"]
[SourceQuality "1"]

1. e4 e5 2. Nf3 Nc6 3. Bc4 Nf6 4. Ng5 Nxe4 5. Bxf7+ Ke7 6. Nxe4 Kxf7 7. d3 d5 8. Ng5+ Ke8 9. 0-0 Be7 10. f4 Rf8 11. Nxh7 Bc5+ 12. Kh1 Rf5 13. fxe5 Nxe5 14. Rxf5 Bxf5 15. Ng5 Qf6 16. Bf4 Ng4 17. Qe2+ Qe7 18. Qxe7+ Kxe7 19. h3 Nf2+ 20. Kh2 Rh8 21. Nd2 Ng4+ 22. Kg3 Nf6 23. Bxc7 Nh5+ 24. Kf3 Kd7 25. g4 Bxg4+ 26. hxg4 Rf8+ 27. Kg2 Rf2+ 28. Kh3 Rxd2 29. gxh5 Kxc7 30. Ne6+ Kd6 31. Nxg7 Be3 32. Nf5+ Ke6 33. Nxe3 Rxd3 34. cxd3 d4 35. Nc2 1-0

[Event "IECC M email"]
[Site "IECC email"]
[Date "1998.12.05"]
[Round "?"]
[White "Smaldone, Tony"]
[Black "Brookshire, Tommy"]
[Result "0-1"]
[WhiteElo "999"]
[BlackElo "1006"]
[PlyCount "64"]
[EventDate "1998.??.??"]
[EventType "tourn (corr)"]
[EventRounds "12"]
[SourceTitle "Corr 2008"]
[Source "ChessBase"]
[SourceDate "2008.06.24"]
[SourceVersion "1"]
[SourceVersionDate "2008.06.24"]
[SourceQuality "1"]

1. e4 e5 2. Nf3 Nc6 3. Nc3 Bc5 4. Bc4 Nf6 5. Ng5 0-0 6. 0-0 d6 7. h3 Bd7 8. b3 Qc8 9. Qf3 Nd4 10. Qd3 c6 11. Re1 b5 12. Bd5 cxd5 13. exd5 a6 14. b4 Bxb4 15. Nd1 Bf5 16. Qg3 Nxc2 17. Qb3 Nxa1 18. Qxb4 Nc2 19. Qxd6 Nxe1 20. Nc3 h6 21. Nf3 Nxf3+ 22. gxf3 Bxh3 23. Qxe5 Qc4 24. Qe1 Rfe8 25. Qd1 Nxd5 26. Ne4 Re5 27. Bb2 Rh5 28. Ng3 Rd8 29. Nxh5 Rd6 30. Bxg7 Rg6+ 31. Kh2 Qh4 32. Qe1 Be6# 0-1

[Event "IECC Swiss email"]
[Site "IECC email"]
[Date "1998.11.27"]
[Round "2"]
[White "Pierce, Wayne"]
[Black "Brookshire, Tommy"]
[Result "1-0"]
[WhiteElo "1348"]
[BlackElo "1105"]
[PlyCount "31"]
[EventDate "1998.??.??"]
[EventType "tourn (corr)"]
[EventRounds "6"]
[SourceTitle "Corr 2008"]
[Source "ChessBase"]
[SourceDate "2008.06.24"]
[SourceVersion "1"]
[SourceVersionDate "2008.06.24"]
[SourceQuality "1"]

1. d4 Nf6 2. c4 d5 3. cxd5 Nxd5 4. Nf3 e6 5. e4 Bb4+ 6. Bd2 Bxd2+ 7. Qxd2 Ne7 8. Nc3 0-0 9. Bc4 c6 10. 0-0 Qc7 11. Rac1 c5 12. Rfd1 Rd8 13. b3 a6 14. d5 e5 15. d6 Qb6 16. dxe7 1-0

[Event "IECC KO email"]
[Site "IECC email"]
[Date "1998.11.15"]
[Round "1"]
[White "Suarez, Jaime"]
[Black "Brookshire, Tommy"]
[Result "1-0"]
[WhiteElo "1395"]
[BlackElo "1015"]
[PlyCount "65"]
[EventDate "1998.??.??"]
[EventType "tourn (corr)"]
[EventRounds "6"]
[SourceTitle "Corr 2008"]
[Source "ChessBase"]
[SourceDate "2008.06.24"]
[SourceVersion "1"]
[SourceVersionDate "2008.06.24"]
[SourceQuality "1"]

1. e4 c5 2. Nf3 d6 3. d4 cxd4 4. Nxd4 Nf6 5. Nc3 a6 6. Bg5 e6 7. f4 Be7 8. Qf3 0-0 9. 0-0-0 b5 10. g4 b4 11. Nce2 Bd7 12. Bxf6 Bxf6 13. e5 dxe5 14. Qxa8 exf4 15. Bg2 Qa5 16. Kb1 e5 17. Nb3 Qb5 18. Qf3 a5 19. Qd3 Qb6 20. h3 a4 21. Nbc1 Be6 22. Qe4 Na6 23. Qc6 Qa5 24. Bd5 Rc8 25. Qxe6 fxe6 26. Bxe6+ Kf8 27. Bxc8 Nc5 28. Rhf1 f3 29. Rxf3 e4 30. Rf5 Qc7 31. Rdd5 Qxc8 32. Rxc5 Qd7 33. g5 1-0

[Event "IECC CL7-1998.19"]
[Site "IECC email"]
[Date "1998.09.25"]
[Round "?"]
[White "Brookshire, Tommy"]
[Black "Richard, Andy"]
[Result "1-0"]
[WhiteElo "1010"]
[BlackElo "960"]
[PlyCount "63"]
[EventDate "1998.??.??"]
[EventType "tourn (corr)"]
[EventRounds "4"]
[SourceTitle "Corr 2008"]
[Source "ChessBase"]
[SourceDate "2008.06.24"]
[SourceVersion "1"]
[SourceVersionDate "2008.06.24"]
[SourceQuality "1"]

1. e4 c5 2. Nf3 d6 3. d4 cxd4 4. Nxd4 Nf6 5. Nc3 a6 6. Bc4 e6 7. Bg5 Be7 8. Qd2 0-0 9. f3 Qc7 10. Qd3 h6 11. Bxh6 gxh6 12. 0-0-0 b5 13. Bb3 Bd7 14. g4 e5 15. Nde2 Nc6 16. Rdg1 Nh7 17. Nd5 Qd8 18. Nxe7+ Nxe7 19. h4 Kh8 20. Qe3 Ng8 21. f4 exf4 22. Qd4+ Qf6 23. Qd2 f3 24. g5 hxg5 25. hxg5 Qg6 26. Nf4 Qxe4 27. g6 fxg6 28. Nxg6+ Qxg6 29. Rxg6 f2 30. Qd4+ Rf6 31. Rxg8+ Rxg8 32. Qxf6+ 1-0

[Event "IECC CL7-1998.16"]
[Site "IECC email"]
[Date "1998.09.05"]
[Round "?"]
[White "Brookshire, Tommy"]
[Black "Karlsson, Roger"]
[Result "1-0"]
[WhiteElo "1023"]
[BlackElo "999"]
[PlyCount "65"]
[EventDate "1998.??.??"]
[EventType "tourn (corr)"]
[EventRounds "4"]
[SourceTitle "Corr 2008"]
[Source "ChessBase"]
[SourceDate "2008.06.24"]
[SourceVersion "1"]
[SourceVersionDate "2008.06.24"]
[SourceQuality "1"]

1. e4 e5 2. Nf3 Nc6 3. Bc4 Nf6 4. d3 Bc5 5. c3 a6 6. Bxf7+ Kxf7 7. Qb3+ Ke8 8. Ng5 Qe7 9. 0-0 h6 10. Nf3 Na5 11. Qc2 Bb6 12. b4 Nc6 13. Ba3 d6 14. d4 Be6 15. dxe5 Nxe5 16. Nxe5 dxe5 17. b5 Qf7 18. c4 Bxc4 19. Rd1 Nxe4 20. Qxe4 Qxf2+ 21. Kh1 Qf7 22. Qxe5+ Be6 23. Qe4 Rd8 24. Nc3 c6 25. Rf1 Bf2 26. Rxf2 Qd7 27. Qg6+ Qf7 28. Rxf7 Bxf7 29. Re1+ Kd7 30. bxc6+ bxc6 31. Re7+ Kc8 32. Qxc6+ Kb8 33. Qb7# 1-0

[Event "IECC CL7-1998.16"]
[Site "IECC email"]
[Date "1998.09.05"]
[Round "?"]
[White "Brookshire, Tommy"]
[Black "Possolo, Miguel"]
[Result "0-1"]
[WhiteElo "1024"]
[BlackElo "1146"]
[PlyCount "66"]
[EventDate "1998.??.??"]
[EventType "tourn (corr)"]
[EventRounds "4"]
[SourceTitle "Corr 2008"]
[Source "ChessBase"]
[SourceDate "2008.06.24"]
[SourceVersion "1"]
[SourceVersionDate "2008.06.24"]
[SourceQuality "1"]

1. e4 c5 2. Nf3 Nc6 3. d4 cxd4 4. Nxd4 e5 5. Nxc6 bxc6 6. Bc4 Nf6 7. Nc3 Bb4 8. Bd2 d5 9. Bd3 d4 10. Ne2 c5 11. c3 Ba5 12. b4 dxc3 13. Bxc3 Bxb4 14. Bxb4 cxb4 15. 0-0 0-0 16. Qb3 a5 17. Rad1 Be6 18. Bc4 Bxc4 19. Qxc4 Qc8 20. Qb3 Nxe4 21. Qd5 Nc3 22. Nxc3 Qxc3 23. Rd3 Qc7 24. Re1 Rfd8 25. Qe4 Rxd3 26. Qxa8+ Rd8 27. Qf3 Qc3 28. Rd1 Rxd1+ 29. Qxd1 Qd4 30. Qc1 g6 31. h3 a4 32. Qc2 a3 33. g3 Qb2 0-1

[Event "IECC Trio 590 email"]
[Site "IECC email"]
[Date "1998.07.30"]
[Round "?"]
[White "Brookshire, Tommy"]
[Black "Karlsson, Roger"]
[Result "1-0"]
[WhiteElo "1017"]
[BlackElo "1134"]
[PlyCount "45"]
[EventDate "1998.??.??"]
[EventType "tourn (corr)"]
[EventRounds "4"]
[SourceTitle "Corr 2008"]
[Source "ChessBase"]
[SourceDate "2008.06.24"]
[SourceVersion "1"]
[SourceVersionDate "2008.06.24"]
[SourceQuality "1"]

1. e4 c5 2. Nf3 d6 3. d4 cxd4 4. Nxd4 Nf6 5. Nc3 g6 6. Be3 Bg7 7. f3 0-0 8. Qd2 Nc6 9. 0-0-0 Bd7 10. g4 Nxg4 11. fxg4 Bxg4 12. Re1 Nxd4 13. Bxd4 Bxd4 14. Qxd4 e5 15. Qf2 f5 16. Bc4+ Kh8 17. Qg3 f4 18. Qxg4 Rc8 19. Bd5 Rc5 20. h4 Rf6 21. h5 g5 22. Qxg5 Qe8 23. Qxf6# 1-0

[Event "IECC Trio 569 email"]
[Site "IECC email"]
[Date "1998.06.26"]
[Round "?"]
[White "Karlsson, Roger"]
[Black "Brookshire, Tommy"]
[Result "1-0"]
[WhiteElo "1145"]
[BlackElo "1046"]
[PlyCount "89"]
[EventDate "1998.??.??"]
[EventType "tourn (corr)"]
[EventRounds "4"]
[SourceTitle "Corr 2008"]
[Source "ChessBase"]
[SourceDate "2008.06.24"]
[SourceVersion "1"]
[SourceVersionDate "2008.06.24"]
[SourceQuality "1"]

1. d4 Nf6 2. c4 d5 3. Nc3 e6 4. Bg5 Be7 5. Nf3 0-0 6. e3 Nc6 7. cxd5 Nxd5 8. a3 h6 9. Bxe7 Qxe7 10. Bd3 e5 11. Nxd5 Qd6 12. Be4 exd4 13. 0-0 f5 14. Nxc7 fxe4 15. Qb3+ Kh8 16. Nb5 Be6 17. Nxd6 Bxb3 18. Nxd4 Nxd4 19. exd4 Bd5 20. Rfe1 Rad8 21. Nxe4 Bb3 22. Rad1 Bxd1 23. Rxd1 Rc8 24. d5 Rc2 25. b4 Rfc8 26. Rf1 Ra2 27. Nd6 Rb8 28. f4 Rxa3 29. f5 Rd3 30. f6 Rf8 31. f7 g5 32. Rf6 Rxd5 33. Rxh6+ Kg7 34. Re6 Rxd6 35. Rxd6 Rxf7 36. h3 Kf8 37. Rd5 Rg7 38. b5 Ke7 39. Rd4 Ke6 40. Ra4 b6 41. Kh2 Kd5 42. Rg4 Kc5 43. h4 Kxb5 44. Rxg5+ Rxg5 45. hxg5 1-0

[Event "IECC P email"]
[Site "IECC email"]
[Date "1998.06.20"]
[Round "?"]
[White "Brookshire, Tommy"]
[Black "Jones, Matt"]
[Result "1-0"]
[WhiteElo "1007"]
[BlackElo "934"]
[PlyCount "37"]
[EventDate "1998.??.??"]
[EventType "tourn (corr)"]
[EventRounds "6"]
[SourceTitle "Corr 2008"]
[Source "ChessBase"]
[SourceDate "2008.06.24"]
[SourceVersion "1"]
[SourceVersionDate "2008.06.24"]
[SourceQuality "1"]

1. d4 Nf6 2. c4 e6 3. Nf3 b6 4. Bg5 Bb4+ 5. Nbd2 0-0 6. a3 Bxd2+ 7. Qxd2 d5 8. e3 h6 9. Bh4 Qd6 10. Bxf6 gxf6 11. Rc1 dxc4 12. Bxc4 Ba6 13. 0-0 b5 14. Bd3 Kh8 15. b4 Bb7 16. e4 e5 17. Qxh6+ Kg8 18. dxe5 f5 19. exf5 1-0

[Event "IECC Trio 554 email"]
[Site "IECC email"]
[Date "1998.05.26"]
[Round "?"]
[White "Brookshire, Tommy"]
[Black "Jones, Matt"]
[Result "0-1"]
[WhiteElo "1093"]
[BlackElo "938"]
[PlyCount "80"]
[EventDate "1998.??.??"]
[EventType "tourn (corr)"]
[EventRounds "4"]
[SourceTitle "Corr 2008"]
[Source "ChessBase"]
[SourceDate "2008.06.24"]
[SourceVersion "1"]
[SourceVersionDate "2008.06.24"]
[SourceQuality "1"]

1. d4 d5 2. Nf3 Nc6 3. c3 Nf6 4. Bg5 g6 5. e3 Ne4 6. Bf4 f6 7. Bb5 Bg7 8. Qd3 Bf5 9. Qe2 g5 10. Nxg5 fxg5 11. Bxg5 h6 12. Bxc6+ bxc6 13. Bf4 0-0 14. Qh5 Kh7 15. 0-0 Bg6 16. Qh3 Rb8 17. f3 Nd6 18. b3 e6 19. Nd2 Bd3 20. Rf2 c5 21. g4 cxd4 22. cxd4 Bxd4 23. Qxh6+ Kg8 24. exd4 Nb5 25. Qh5 Rxf4 26. g5 Nxd4 27. g6 Rh4 28. Qe5 Bxg6 29. Rg2 Kh7 30. Kh1 a5 31. Rag1 Rh5 32. Qxd4 e5 33. Qa4 Rb6 34. Qxa5 Rf6 35. a4 Kh6 36. Qc3 e4 37. Qe3+ Kh7 38. fxe4 dxe4 39. Ra1 Qd3 40. a5 Qxe3 0-1

[Event "IECC CL7-1998.12"]
[Site "IECC email"]
[Date "1998.05.20"]
[Round "?"]
[White "Axenhus, Ilpo"]
[Black "Brookshire, Tommy"]
[Result "1-0"]
[WhiteElo "1075"]
[BlackElo "1099"]
[PlyCount "47"]
[EventDate "1998.??.??"]
[EventType "tourn (corr)"]
[EventRounds "4"]
[SourceTitle "Corr 2008"]
[Source "ChessBase"]
[SourceDate "2008.06.24"]
[SourceVersion "1"]
[SourceVersionDate "2008.06.24"]
[SourceQuality "1"]

1. d4 Nf6 2. c4 d5 3. Bg5 e6 4. Nc3 Bb4 5. e4 dxe4 6. Nge2 0-0 7. a3 Bxc3+ 8. Nxc3 h6 9. Bh4 e3 10. fxe3 b6 11. Be2 Bb7 12. Bf3 Bxf3 13. Qxf3 Nbd7 14. 0-0 c5 15. Rad1 Qc7 16. Nb5 Qb8 17. Bg3 Qd8 18. Bd6 a6 19. Bxf8 Qxf8 20. Nd6 Rb8 21. Qc6 b5 22. dxc5 bxc4 23. Rxf6 Nxf6 24. Nxc4 1-0

[Event "IECC Trio 531 email"]
[Site "IECC email"]
[Date "1998.05.09"]
[Round "?"]
[White "Brookshire, Tommy"]
[Black "Hilton, Walter"]
[Result "1-0"]
[WhiteElo "1049"]
[BlackElo "1032"]
[PlyCount "43"]
[EventDate "1998.??.??"]
[EventType "tourn (corr)"]
[EventRounds "4"]
[SourceTitle "Corr 2008"]
[Source "ChessBase"]
[SourceDate "2008.06.24"]
[SourceVersion "1"]
[SourceVersionDate "2008.06.24"]
[SourceQuality "1"]

1. e4 c5 2. Nf3 d6 3. d4 cxd4 4. Nxd4 Nf6 5. Nc3 a6 6. Bg5 e6 7. f4 Qb6 8. Nb3 Be7 9. Qd3 Nbd7 10. 0-0-0 0-0 11. h4 Nc5 12. Be2 Nxd3+ 13. Bxd3 Re8 14. e5 dxe5 15. fxe5 Nd7 16. Bxe7 Rxe7 17. g4 Nxe5 18. Be2 Rd7 19. Rdf1 Rd6 20. g5 g6 21. h5 Nd7 22. hxg6 1-0